01868nam a2200229Ia 45000010005000000080041000050100009000460410014000550820014000692450199000832600031002823000008003135200006003216300016003276300026003436300028003696500020003977000028004177000041004457000040004865201112005261348241029s9999 xx 000 0 und d a1253 aEspañol aNO APLICA 0aUso de los recursos didácticos en la enseñanza en los estudiantes de la Carrera de Educación, mención Ciencias Sociales del Centro Universitario Regional de Nagua, CURNA, semestre 2007-1 aMaría Trinidad Sánchez a127 a7 aEnseñanza aRecursos Didácticos aRecursos Tecnológicos aCalidad Docente easesoraBello, Filomena eautoraAmparo Hernández, Alejandro eautoraNúñez Hilton, Luz Elena  aEl propósito de esta investigación es describir el uso de los recursos didácticos en la enseñanza en los estudiantes de la carrera de Educación mención Ciencias Sociales, del Centro Universitario Regional de Nagua (CURNA), año 2007-1.El estudio emplea una metodología mixta y concluye que:En cuanto a si la Escuela de Pedagogía de Ciencias Sociales brindan apoyo a los docentes, se observa que en un porcentaje muy significativo en cuanto a libros, pero en los demás recursos didácticos es muy limitado.Los docentes dan mucha importancia a los recursos didácticos que le ofrece el Centro Regional de Nagua (CURNA) a la labor educativa y a su esfuerzo por adquirir otros para una mejor enseñanza.La existencia de recursos tecnológicos es deficiente en el CURNA.De acuerdo a los estudiantes el uso de los recursos por los docentes es buena.Se recomendó a las autoridades universitarias que le brinden apoyo a la facultad de humanidades para contar con los recursos necesarios y poder instalar el centro de recursos didácticos en el Centro Universitario Regional de Nagua CURNA.